[Event "Open de la Loire"]
[Site "Comite Loire Echecs"]
[Date "2004.10.16"]
[Round "1.1"]
[White "Vier, Serge"]
[Black "Mathieu, Jacques"]
[Result "1-0"]
[WhiteElo "1760"]
[BlackElo "1499"]
[PlyCount "73"]
[EventDate "2004.??.??"]

1. d4 d5 2. c4 e6 3. Nc3 Nf6 4. Bg5 Be7 5. cxd5 exd5 6. e3 O-O 7. Bd3 Bg4 8.
Qc2 h6 9. Bxf6 Bxf6 10. Qb3 b6 11. Qxd5 c6 12. Qxd8 Rxd8 13. h3 Be6 14. Nf3 Nd7
15. O-O a6 16. Rac1 b5 17. Ne4 Bd5 18. Nxf6+ Nxf6 19. Ne5 Rac8 20. a3 Nd7 21.
Nxd7 Rxd7 22. Bf5 Be6 23. Bxe6 fxe6 24. Rc5 Rd5 25. Rfc1 Rxc5 26. Rxc5 Kf7 27.
Kf1 Ke7 28. Ke2 Kd6 29. Kd3 Re8 30. b4 e5 31. Rxe5 Rxe5 32. dxe5+ Kxe5 33. f4+
Kd5 34. e4+ Kd6 35. Kd4 g5 36. f5 h5 37. e5+ 1-0

[Event "Open de la Loire"]
[Site "Comite Loire Echecs"]
[Date "2004.10.16"]
[Round "1.2"]
[White "Moleins, Jean-Pierre"]
[Black "Gaillard, Pierre"]
[Result "0-1"]
[WhiteElo "1499"]
[BlackElo "1720"]
[PlyCount "34"]
[EventDate "2004.??.??"]

1. e4 c5 2. Nc3 Nc6 3. Nf3 e6 4. d4 cxd4 5. Nxd4 a6 6. Nxc6 bxc6 7. Bd3 Nf6 8.
O-O d5 9. e5 Nd7 10. Bf4 c5 11. Na4 c4 12. Be2 Nb6 13. Nc3 Bb7 14. b3 Rc8 15.
Rb1 Bc5 16. bxc4 d4 17. Ne4 Bxe4 0-1

[Event "Open de la Loire"]
[Site "Comite Loire Echecs"]
[Date "2004.10.16"]
[Round "1.3"]
[White "Simon, Joel"]
[Black "Campoy, Jean"]
[Result "1-0"]
[WhiteElo "1710"]
[BlackElo "1450"]
[PlyCount "62"]
[EventDate "2004.??.??"]

1. d4 d5 2. e4 dxe4 3. Nc3 e6 4. f3 exf3 5. Nxf3 Nf6 6. Bd3 Be7 7. O-O O-O 8.
Ne4 h6 9. c3 Bd7 10. Ne5 Nc6 11. Bf4 Nd5 12. Bxh6 Bf6 13. Qg4 g6 14. Nxd7 Qxd7
15. Nxf6+ Nxf6 16. Rxf6 Ne7 17. Bxf8 Rxf8 18. Raf1 Nf5 19. h4 Qd8 20. Rxg6+
fxg6 21. Qxg6+ Kh8 22. Qxe6 Rf6 23. Qe5 Qd6 24. Qxd6 Rxd6 25. Rxf5 Rd7 26. Kf2
b6 27. Kf3 c5 28. d5 Rd8 29. Rf7 c4 30. Be4 a6 31. a4 Kg8 1-0

[Event "Open de la Loire"]
[Site "Comite Loire Echecs"]
[Date "2004.10.16"]
[Round "1.4"]
[White "Trottet, Francois"]
[Black "Guevorkian, Spartak"]
[Result "0-1"]
[WhiteElo "1440"]
[BlackElo "1699"]
[PlyCount "68"]
[EventDate "2004.??.??"]

1. e4 c5 2. Nf3 d6 3. Bb5+ Nc6 4. d4 cxd4 5. Nxd4 Bd7 6. Nxc6 Bxc6 7. Bd3 Nf6
8. Nc3 g6 9. O-O Bg7 10. Rb1 O-O 11. Bd2 Qd7 12. h3 b6 13. Qe2 Qb7 14. Ba6 Qc7
15. Bg5 Rad8 16. Rfd1 h6 17. Bxf6 Bxf6 18. Nd5 Bxd5 19. exd5 Qd7 20. Bb5 Qf5
21. Bc4 Rc8 22. Bb3 Rc5 23. c4 Be5 24. Bc2 Qf4 25. g3 Qxc4 26. Qxc4 Rxc4 27.
Bb3 Rc5 28. f4 Bf6 29. Re1 Re8 30. a4 a5 31. h4 b5 32. axb5 Rxb5 33. Ba2 Rxb2
34. Red1 Rxb1 0-1

[Event "Open de la Loire"]
[Site "Comite Loire Echecs"]
[Date "2004.10.16"]
[Round "1.5"]
[White "Roche, Marius"]
[Black "Mialon, Franck"]
[Result "1-0"]
[WhiteElo "1680"]
[BlackElo "1400"]
[PlyCount "56"]
[EventDate "2004.??.??"]

1. d4 f5 2. h3 d5 3. c4 e6 4. Nc3 c6 5. cxd5 exd5 6. Nf3 Nf6 7. Bg5 Be7 8. e3
O-O 9. Be2 Nbd7 10. Qc2 Ne4 11. Bf4 a5 12. O-O Rf6 13. Ne5 Nxe5 14. dxe5 Re6
15. f3 Nxc3 16. bxc3 Rg6 17. c4 Bh4 18. cxd5 cxd5 19. Rad1 Bg3 20. Rxd5 Qh4 21.
Bc4 Be6 22. Rd6 Re8 23. Rxe6 Rexe6 24. Qxf5 Qe7 25. Bxe6+ Rxe6 26. Bxg3 Rg6 27.
Kh2 Qb4 28. Qc8+ Kf7 1-0

[Event "Open de la Loire"]
[Site "Comite Loire Echecs"]
[Date "2004.10.16"]
[Round "1.6"]
[White "Giroux, Sylvain"]
[Black "Doucet, Medhi"]
[Result "0-1"]
[WhiteElo "1399"]
[BlackElo "1630"]
[PlyCount "75"]
[EventDate "2004.??.??"]

1. d4 d5 2. Nc3 e6 3. Nf3 Nf6 4. Bf4 Bb4 5. Qd2 Nc6 6. e3 Ne4 7. Qd3 Nxc3 8.
bxc3 Bd6 9. Bxd6 cxd6 10. g3 e5 11. Bg2 e4 12. Qd1 exf3 13. Qxf3 Be6 14. e4
dxe4 15. Qxe4 O-O 16. O-O Re8 17. d5 Bd7 18. Qf3 Ne5 19. Qf4 Bb5 20. Rfe1 Qd7
21. Be4 Qg4 22. Qxg4 Nxg4 23. Rab1 Ba6 24. Rb4 Nf6 25. f4 Nxd5 26. Rd4 Nxc3 27.
Rxd6 Rxe4 28. Rxe4 Nxe4 29. Rd7 Rc8 30. h4 Nxg3 31. a4 h6 32. Kf2 Ne4+ 33. Ke3
Re8 34. Kd4 Nf6 35. Rc7 Re4+ 36. Kc5 Rc4+ 37. Kd6 Ne8+ 38. Kd7 0-1

[Event "Open de la Loire"]
[Site "Comite Loire Echecs"]
[Date "2004.10.16"]
[Round "1.7"]
[White "Desassis, Gregoire"]
[Black "Gregoire, Patrick"]
[Result "1-0"]
[WhiteElo "1600"]
[BlackElo "1390"]
[PlyCount "59"]
[EventDate "2004.??.??"]

1. d4 d5 2. Nf3 Nc6 3. e3 Bg4 4. Nbd2 e6 5. Be2 Nf6 6. O-O Ne4 7. Nxe4 dxe4 8.
Nd2 Bxe2 9. Qxe2 Qd5 10. c4 Qf5 11. f3 Qh5 12. Nxe4 f5 13. g4 Qh4 14. Nc5 Bd6
15. Nxe6 fxg4 16. fxg4 Kd7 17. Nxg7 Rhg8 18. Rf7+ Ne7 19. c5 Raf8 20. Rxf8 Rxf8
21. cxd6 cxd6 22. Bd2 Rf7 23. Nh5 Nd5 24. Nf4 Nf6 25. h3 Ne4 26. Qb5+ Kc8 27.
Rc1+ Rc7 28. Qe8+ Qd8 29. Rxc7+ Kxc7 30. Ne6+ 1-0

[Event "Open de la Loire"]
[Site "Comite Loire Echecs"]
[Date "2004.10.16"]
[Round "1.8"]
[White "Megnot, Philippe"]
[Black "Rogues, Jean-Luc"]
[Result "1-0"]
[WhiteElo "1390"]
[BlackElo "1600"]
[PlyCount "43"]
[EventDate "2004.??.??"]

1. e4 e5 2. Nf3 Nc6 3. Bb5 Bc5 4. d3 Nge7 5. Bg5 O-O 6. Bxc6 f6 7. Bh4 Nxc6 8.
Nc3 d6 9. h3 Bd7 10. Nd5 Be6 11. O-O Bxd5 12. exd5 Ne7 13. c4 Nf5 14. a3 Qd7
15. Kh1 Bd4 16. Rb1 c6 17. dxc6 Qxc6 18. Re1 Qb6 19. b4 Nxh4 20. Nxh4 Bxf2 21.
Re4 d5 22. cxd5 1-0

[Event "Open de la Loire"]
[Site "Comite Loire Echecs"]
[Date "2004.10.16"]
[Round "1.9"]
[White "Borron, Herve"]
[Black "Desassis, Maxence"]
[Result "1-0"]
[WhiteElo "1590"]
[BlackElo "1380"]
[PlyCount "40"]
[EventDate "2004.??.??"]

1. c4 e5 2. Nc3 Nf6 3. g3 c5 4. Bg2 Nc6 5. d3 g6 6. e3 Bg7 7. Nge2 O-O 8. O-O
d6 9. f4 Ng4 10. h3 Nh6 11. Kh2 f5 12. Nd5 Be6 13. Nec3 Rc8 14. a3 a6 15. Rb1
b5 16. cxb5 axb5 17. Nxb5 Qa5 18. Nxd6 Bxd5 19. Nf7 Bxf7 20. Bxc6 Rxc6 1-0

[Event "Open de la Loire"]
[Site "Comite Loire Echecs"]
[Date "2004.10.16"]
[Round "1.10"]
[White "Gerey, Jean-Pierre"]
[Black "Pareux, Marc"]
[Result "0-1"]
[WhiteElo "1370"]
[BlackElo "1550"]
[PlyCount "60"]
[EventDate "2004.??.??"]

1. e4 g6 2. d4 Bg7 3. Nf3 c6 4. Nc3 d5 5. exd5 cxd5 6. Be3 Bg4 7. Be2 e6 8. Qd2
Nc6 9. h3 Bxf3 10. Bxf3 Nge7 11. a3 Nf5 12. Bf4 Nfxd4 13. Bd1 O-O 14. O-O b5
15. b4 a5 16. Qd3 axb4 17. Nxb5 Nxb5 18. Qxb5 Bxa1 19. Qxc6 bxa3 20. Bf3 Qf6
21. Bd2 Bb2 22. Bxd5 exd5 23. Qxf6 Bxf6 24. c3 a2 25. Ra1 d4 26. cxd4 Bxd4 27.
Rxa2 Bxf2+ 28. Kxf2 Rad8 29. Ke2 Rxd2+ 30. Kf3 Rxa2 0-1

[Event "Open de la Loire"]
[Site "Comite Loire Echecs"]
[Date "2004.10.16"]
[Round "1.11"]
[White "Chabas, Jean-Luc"]
[Black "Brachet, Gerard"]
[Result "0-1"]
[WhiteElo "1540"]
[BlackElo "1340"]
[PlyCount "81"]
[EventDate "2004.??.??"]

1. e4 e5 2. Nf3 Nc6 3. Bb5 Nd4 4. Nxd4 exd4 5. Qf3 Qf6 6. Qxf6 Nxf6 7. d3 a6 8.
Ba4 b5 9. Bb3 Bb7 10. O-O h6 11. Nd2 c5 12. a3 Be7 13. Nf3 d6 14. Bd2 c4 15.
Ba2 c3 16. bxc3 dxc3 17. Be3 d5 18. e5 Nd7 19. Bb3 g5 20. d4 a5 21. a4 g4 22.
Ne1 b4 23. Nd3 h5 24. f4 Nb6 25. f5 f6 26. e6 Ba6 27. Rfd1 Bc4 28. Nc1 h4 29.
Bf4 O-O-O 30. Re1 Kb7 31. Re3 Bd6 32. Bxd6 Rxd6 33. e7 Re8 34. Kf2 Rd7 35. g3
h3 36. Nd3 Rdxe7 37. Nc5+ Kc6 38. Rae1 Rxe3 39. Rxe3 Rxe3 40. Kxe3 Bxb3 41.
Nxb3 0-1

[Event "Open de la Loire"]
[Site "Comite Loire Echecs"]
[Date "2004.10.16"]
[Round "1.12"]
[White "Bruyas, Benjamin"]
[Black "Gidon, Rene"]
[Result "0-1"]
[WhiteElo "1320"]
[BlackElo "1540"]
[PlyCount "35"]
[EventDate "2004.??.??"]

1. Nf3 d5 2. c4 Nf6 3. cxd5 Nxd5 4. e4 Nb6 5. d4 Bg4 6. Be2 e6 7. O-O Be7 8.
Nc3 O-O 9. Bf4 Bxf3 10. Bxf3 Bc5 11. Be3 Nc6 12. Re1 Nc4 13. b3 Nxe3 14. fxe3
Qe7 15. d5 Ne5 16. Nb5 Nxf3+ 17. Qxf3 a6 18. Na3 0-1

[Event "Open de la Loire"]
[Site "Comite Loire Echecs"]
[Date "2004.10.16"]
[Round "1.13"]
[White "Conesa, Antoine"]
[Black "Gidrol, Thibault"]
[Result "1-0"]
[WhiteElo "1520"]
[BlackElo "1310"]
[PlyCount "127"]
[EventDate "2004.??.??"]

1. e4 e5 2. Nf3 Nc6 3. c4 Nf6 4. Nc3 d6 5. d3 h6 6. Be2 Be7 7. h3 O-O 8. a3 Bd7
9. b4 Nd4 10. Be3 Nxe2 11. Nxe2 a6 12. d4 c5 13. dxc5 dxc5 14. bxc5 Qa5+ 15.
Qd2 Qxd2+ 16. Nxd2 Rac8 17. Rb1 Bxc5 18. Bxc5 Rxc5 19. Rxb7 Bc6 20. Rc7 Ne8 21.
Rc8 Nd6 22. Rxf8+ Kxf8 23. Ng3 Nxc4 24. Nxc4 Rxc4 25. O-O Bxe4 26. Re1 Bg6 27.
Rxe5 Rc1+ 28. Kh2 f6 29. Re6 a5 30. h4 Rc3 31. h5 Bf7 32. Re3 Rc2 33. f3 Ra2
34. Rc3 Be8 35. Nf5 Ba4 36. Rc8+ Kf7 37. Rc7+ Ke6 38. Nxg7+ Kd6 39. Rc3 Bd1 40.
Rd3+ Ke7 41. Rxd1 Rxa3 42. Nf5+ Ke6 43. Nxh6 Ra4 44. Ng4 f5 45. Re1+ Kf7 46.
Ne3 Rh4+ 47. Kg1 a4 48. Nxf5 Rxh5 49. g4 Rh3 50. Kg2 Rh8 51. Re7+ Kf6 52. Ra7
Rb8 53. Rxa4 Rb2+ 54. Kg3 Rb1 55. Rf4 Rg1+ 56. Kf2 Rh1 57. Ng3+ Kg5 58. Rf5+
Kg6 59. Nxh1 Kg7 60. Ke3 Kg6 61. Kf4 Kg7 62. Kg5 Kg8 63. Kg6 Kh8 64. Rf8# 1-0

[Event "Open de la Loire"]
[Site "Comite Loire Echecs"]
[Date "2004.10.16"]
[Round "1.14"]
[White "Paratcha, Yohan"]
[Black "Goudet, Maxence"]
[Result "1-0"]
[WhiteElo "1310"]
[BlackElo "1520"]
[PlyCount "99"]
[EventDate "2004.??.??"]

1. e4 e5 2. Nf3 Nc6 3. d4 exd4 4. Nxd4 Nxd4 5. Qxd4 c5 6. Qe5+ Qe7 7. Qxe7+
Bxe7 8. Bc4 d6 9. O-O Bd7 10. Nc3 Nf6 11. Re1 O-O 12. Bf4 Bc6 13. Red1 Rad8 14.
e5 dxe5 15. Rxd8 Rxd8 16. Bxe5 Rd2 17. Bb3 c4 18. Bxc4 Rxc2 19. Bd4 Nd5 20.
Nxd5 Bxd5 21. Bxd5 b6 22. Bb3 Rc7 23. h3 h6 24. Be5 Rd7 25. Bc3 Bc5 26. Bc2 Re7
27. Rd1 Re2 28. Rd8+ Bf8 29. Bb4 Rxc2 30. Rxf8+ Kh7 31. Rxf7 Rxb2 32. a3 a5 33.
Bd6 b5 34. Ra7 Rd2 35. Be7 Re2 36. Bc5 Rc2 37. Be7 a4 38. f4 Kg6 39. g4 Rc3 40.
Kg2 Re3 41. Bc5 Rc3 42. Bb4 Rc4 43. Ra6+ Kf7 44. Bd6 Rd4 45. Be5 Rd2+ 46. Kf3
Rd3+ 47. Ke4 Rxh3 48. Kd4 Rxa3 49. Ra7+ Ke6 50. f5# 1-0

[Event "Open de la Loire"]
[Site "Comite Loire Echecs"]
[Date "2004.10.16"]
[Round "1.15"]
[White "Montroussier, Jacques"]
[Black "Carrot, Axel"]
[Result "1/2-1/2"]
[WhiteElo "1510"]
[BlackElo "1300"]
[PlyCount "73"]
[EventDate "2004.??.??"]

1. e4 e5 2. Nf3 Nc6 3. d4 exd4 4. Bc4 Nf6 5. O-O Nxe4 6. Re1 d5 7. Bd3 Bf5 8.
Nbd2 Bb4 9. a3 Bxd2 10. Bxd2 O-O 11. Bxe4 dxe4 12. Ng5 Re8 13. Qe2 h6 14. Nh3
Bxh3 15. gxh3 Qd7 16. Kh1 Qxh3 17. Rg1 Qf3+ 18. Qxf3 exf3 19. Bxh6 g6 20. h4
Re4 21. Bg5 Kg7 22. Rg3 Ne5 23. Rag1 Rh8 24. Rh3 Ng4 25. Rxf3 f6 26. Rxg4 Rxg4
27. Bxf6+ Kg8 28. Bxh8 Rxh4+ 29. Kg2 Kxh8 30. Rf7 Rh7 31. Rf8+ Kg7 32. Rb8 b6
33. Rb7 a5 34. Rxc7+ Kh6 35. Rc6 b5 36. Rd6 Rg7 37. Rxd4 1/2-1/2

[Event "Open de la Loire"]
[Site "Comite Loire Echecs"]
[Date "2004.10.16"]
[Round "1.16"]
[White "Tafazzoli, Mickael"]
[Black "Choquelle, Jean"]
[Result "0-1"]
[WhiteElo "1299"]
[BlackElo "1499"]
[PlyCount "40"]
[EventDate "2004.??.??"]

1. e4 b6 2. Nf3 Bb7 3. Nc3 Nc6 4. d4 e6 5. d5 Na5 6. a3 Ne7 7. b4 exd5 8. bxa5
c6 9. exd5 c5 10. d6 Nf5 11. Qe2+ Be7 12. dxe7 Nxe7 13. a4 O-O 14. Ba3 Re8 15.
g3 Nd5 16. Qxe8+ Qxe8+ 17. Ne2 Ba6 18. Bb2 Nb4 19. Rc1 Qe7 20. Rb1 Qxe2+ 0-1

[Event "Open de la Loire"]
[Site "Comite Loire Echecs"]
[Date "2004.10.16"]
[Round "1.17"]
[White "Clarin, Michel"]
[Black "Gregoire, Michele"]
[Result "1-0"]
[WhiteElo "1499"]
[BlackElo "1270"]
[PlyCount "75"]
[EventDate "2004.??.??"]

1. d4 d5 2. Nc3 e6 3. Bf4 Nf6 4. e3 Be7 5. Bd3 Nh5 6. Qxh5 g6 7. Qf3 Nc6 8. Nb5
Nb4 9. Nxc7+ Kf8 10. Bh6+ Kg8 11. Nxa8 Nxd3+ 12. cxd3 Bd7 13. Qf4 Qxa8 14. Qe5
f6 15. Qg3 Kf7 16. Nf3 Rc8 17. O-O Rc6 18. h4 Bd6 19. Qh3 Qc8 20. Nh2 e5 21.
Qf3 Be6 22. h5 Qg8 23. dxe5 Bxe5 24. d4 Bd6 25. Ng4 f5 26. Ne5+ Bxe5 27. dxe5
Ke8 28. hxg6 Qxg6 29. Bf4 a5 30. Qe2 Ke7 31. Qb5 Bc8 32. Rac1 a4 33. Qb4+ Kf7
34. Rxc6 bxc6 35. Qd6 Qe6 36. Qxe6+ Kxe6 37. Rc1 Bd7 38. b4 1-0

[Event "Open de la Loire"]
[Site "Comite Loire Echecs"]
[Date "2004.10.16"]
[Round "1.18"]
[White "Veyrat, Gerard"]
[Black "Geraci, Georges"]
[Result "1-0"]
[WhiteElo "1220"]
[BlackElo "1499"]
[PlyCount "71"]
[EventDate "2004.??.??"]

1. d4 b5 2. a3 d5 3. e3 Nc6 4. Bxb5 Bb7 5. Nc3 g6 6. Qf3 Nf6 7. Nge2 Bg7 8. e4
O-O 9. exd5 Na5 10. b4 a6 11. Bd3 Rb8 12. Nf4 e6 13. O-O c6 14. dxe6 Kh8 15.
Re1 c5 16. d5 Ne8 17. e7 Qd6 18. exf8=Q+ Qxf8 19. bxa5 Bxc3 20. Be3 Bxa1 21.
Rxa1 Nf6 22. c4 Qd6 23. Rb1 Qd7 24. Bxc5 Qe8 25. Bd4 Kg8 26. Bxf6 Qa4 27. Be5
Re8 28. Qe3 Rb8 29. Bxb8 Qxa3 30. Be5 Qe7 31. d6 Qg5 32. Rxb7 f6 33. Rb8+ Kg7
34. Ne6+ Kh6 35. Nxg5 fxg5 36. Qh3# 1-0

[Event "Open de la Loire"]
[Site "Comite Loire Echecs"]
[Date "2004.10.16"]
[Round "1.19"]
[White "Granger, Thierry"]
[Black "Moleins, Adrien"]
[Result "1-0"]
[WhiteElo "1499"]
[BlackElo "1099"]
[PlyCount "50"]
[EventDate "2004.??.??"]

1. d4 d5 2. c4 dxc4 3. Nf3 Bf5 4. Nc3 e6 5. e3 Nf6 6. Bxc4 Nc6 7. h3 Nb4 8. e4
Nxe4 9. Qa4+ c6 10. O-O Nxc3 11. bxc3 Bc2 12. Bb3 b5 13. Qa3 Nd3 14. Qa6 Bxb3
15. axb3 Qc7 16. Qa2 Nxc1 17. Raxc1 b4 18. c4 Be7 19. Rce1 Bf6 20. Qd2 c5 21.
Ne5 O-O 22. Rb1 Rfd8 23. Qf4 Rxd4 24. Qe3 Bxe5 25. Qxe5 Qxe5 1-0

[Event "Open de la Loire"]
[Site "Comite Loire Echecs"]
[Date "2004.10.16"]
[Round "2.1"]
[White "Gidon, Rene"]
[Black "Vier, Serge"]
[Result "0-1"]
[WhiteElo "1540"]
[BlackElo "1760"]
[PlyCount "104"]
[EventDate "2004.??.??"]

1. e4 e6 2. d4 d5 3. Nc3 dxe4 4. Nxe4 Bd7 5. Bd3 Bc6 6. c3 Nd7 7. Nf3 Ngf6 8.
Bg5 Be7 9. Qc2 Bxe4 10. Bxe4 Nxe4 11. Bxe7 Qxe7 12. Qxe4 c6 13. O-O Nf6 14. Qe5
O-O 15. Rfe1 Rfd8 16. Rad1 Rd5 17. Qe2 Qc7 18. Ne5 Rad8 19. f4 c5 20. dxc5
Qxc5+ 21. Kh1 Qd6 22. Rxd5 Qxd5 23. b3 Qd2 24. Qxd2 Rxd2 25. Ra1 Nd5 26. c4
Nxf4 27. g3 Ng6 28. Nf3 Rd7 29. a3 Rd3 30. Kg2 Rxb3 31. h4 Kf8 32. h5 Ne7 33.
g4 Nc6 34. g5 Rc3 35. Rb1 b6 36. Rd1 Ke7 37. a4 Rxc4 38. a5 b5 39. Kg3 a6 40.
Rd2 b4 41. Rd1 Rc3 42. Kf4 b3 43. Rd2 Rc2 44. Rd3 b2 45. Rb3 Rc4+ 46. Kg3 Rb4
47. Rc3 b1=Q 48. Rxc6 Qd3 49. Rc7+ Qd7 50. Rxd7+ Kxd7 51. Ne5+ Ke8 52. Nc6 Rb5
0-1

[Event "Open de la Loire"]
[Site "Comite Loire Echecs"]
[Date "2004.10.16"]
[Round "2.2"]
[White "Gaillard, Pierre"]
[Black "Conesa, Antoine"]
[Result "1-0"]
[WhiteElo "1720"]
[BlackElo "1520"]
[PlyCount "91"]
[EventDate "2004.??.??"]

1. e4 c5 2. Nf3 e6 3. d4 a6 4. a4 Qb6 5. a5 Qc6 6. Nc3 d5 7. e5 Nd7 8. Be2 Ne7
9. Be3 Nf5 10. Qd2 Qc7 11. O-O c4 12. Rfd1 Bb4 13. Nb5 axb5 14. Qxb4 Nxe3 15.
fxe3 Qc6 16. Rf1 h6 17. b3 Nb8 18. bxc4 bxc4 19. Rfb1 Qd7 20. g3 Nc6 21. Qb5
O-O 22. Nh4 Qd8 23. Ra2 Ra6 24. Rba1 Qe7 25. c3 Rd8 26. Ng2 Rd7 27. Nf4 Rc7 28.
Bf3 Na7 29. Qb2 Qd8 30. Bh5 Bd7 31. Qb4 Bc6 32. Rf1 Qg5 33. Qd6 Nb5 34. Qb4 g6
35. Nxe6 Qe7 36. Nxc7 Qxb4 37. cxb4 Nxc7 38. Bf3 Nb5 39. Rc1 Nc7 40. Bg2 Ra8
41. Rb2 Ne6 42. b5 Bd7 43. Bxd5 Rxa5 44. Bxc4 Ng5 45. Kg2 Bh3+ 46. Kg1 1-0

[Event "Open de la Loire"]
[Site "Comite Loire Echecs"]
[Date "2004.10.16"]
[Round "2.3"]
[White "Choquelle, Jean"]
[Black "Simon, Joel"]
[Result "0-1"]
[WhiteElo "1499"]
[BlackElo "1710"]
[PlyCount "74"]
[EventDate "2004.??.??"]

1. d4 d6 2. Nf3 Nf6 3. Nc3 g6 4. g3 Bg7 5. Bg2 O-O 6. O-O c6 7. e3 Bg4 8. h3
Bd7 9. Bd2 Qc8 10. Qe2 Bxh3 11. Ng5 Bxg2 12. Kxg2 b5 13. Rh1 h6 14. Nge4 Nxe4
15. Nxe4 Qf5 16. f3 h5 17. Rag1 d5 18. Nc3 Qxc2 19. b3 b4 20. Na4 Qxa2 21. Nc5
a5 22. Qf2 Qc2 23. Rc1 Qf5 24. Rh2 Nd7 25. Rch1 Nf6 26. Rh3 e5 27. dxe5 Qxe5
28. Rh4 Rad8 29. f4 Qe7 30. Qf1 Qxc5 31. R4h3 Ne4 32. Qf3 Nxd2 33. Kf2 Nxf3 34.
Kxf3 Rfe8 35. g4 Qxe3+ 36. Kg2 Qe2+ 37. Kg3 Re3+ 0-1

[Event "Open de la Loire"]
[Site "Comite Loire Echecs"]
[Date "2004.10.16"]
[Round "2.4"]
[White "Guevorkian, Spartak"]
[Black "Clarin, Michel"]
[Result "1-0"]
[WhiteElo "1699"]
[BlackElo "1499"]
[PlyCount "119"]
[EventDate "2004.??.??"]

1. d4 d5 2. c4 Nf6 3. Bg5 Nc6 4. Bxf6 exf6 5. a3 Bf5 6. Nc3 dxc4 7. e3 Bd6 8.
Bxc4 O-O 9. Nf3 Na5 10. Bd3 Bxd3 11. Qxd3 c5 12. d5 c4 13. Qc2 Qb6 14. Nd2 Rac8
15. O-O Rfe8 16. Qa4 a6 17. Rab1 Qc7 18. g3 b5 19. Qc2 Be5 20. Rfd1 Bxc3 21.
Qxc3 Qe5 22. Qxe5 fxe5 23. e4 f6 24. Nf3 Nb3 25. Kg2 Nc5 26. Re1 Na4 27. Nh4 g6
28. Rec1 c3 29. bxc3 Nxc3 30. Rb4 a5 31. Rb3 Nxe4 32. Rxc8 Rxc8 33. Rxb5 Rc5
34. Rxc5 Nxc5 35. Nf3 Kf7 36. Nd2 f5 37. Nc4 Nd7 38. Nxa5 Ke7 39. Nc4 Nf6 40.
d6+ Ke6 41. a4 Kd5 42. a5 Kxc4 43. a6 Nd7 44. a7 Nb6 45. d7 Nxd7 46. a8=Q Nc5
47. Qg8+ Kd4 48. Qxh7 Ne4 49. Qxg6 f4 50. gxf4 exf4 51. f3 Nc3 52. Qf6+ Kd3 53.
Qxf4 Ne2 54. Qd6+ Nd4 55. h4 Ke2 56. Qxd4 Ke1 57. f4 Ke2 58. Kg3 Ke1 59. Kf3
Kf1 60. Qd1# 1-0

[Event "Open de la Loire"]
[Site "Comite Loire Echecs"]
[Date "2004.10.16"]
[Round "2.5"]
[White "Granger, Thierry"]
[Black "Roche, Marius"]
[Result "0-1"]
[WhiteElo "1499"]
[BlackElo "1680"]
[PlyCount "73"]
[EventDate "2004.??.??"]

1. d4 g6 2. e4 d6 3. Nf3 Bg7 4. Be2 a6 5. O-O Nd7 6. b3 Ngf6 7. Nc3 b5 8. a3
Bb7 9. Bd3 O-O 10. Be3 Ng4 11. Qd2 Nxe3 12. Qxe3 c5 13. Be2 Rc8 14. b4 cxd4 15.
Nxd4 Qc7 16. Nd5 Qd8 17. Rac1 e6 18. Nf4 e5 19. Nxg6 exd4 20. Qh3 fxg6 21. Bg4
Rc3 22. f3 Nf6 23. Be6+ Kh8 24. Bb3 Nxe4 25. Rfe1 Ng5 26. Qh4 Bxf3 27. Qf2 Bd5
28. Qd2 Bxb3 29. cxb3 Qd7 30. Qxg5 Rxc1 31. Qxc1 Rc8 32. Rf1 Qe6 33. h3 Qe3+
34. Kh1 Be5 35. Rf3 Qh6 36. Rf7 Rf8 37. Rf3 0-1

[Event "Open de la Loire"]
[Site "Comite Loire Echecs"]
[Date "2004.10.16"]
[Round "2.6"]
[White "Doucet, Medhi"]
[Black "Megnot, Philippe"]
[Result "1-0"]
[WhiteElo "1630"]
[BlackElo "1390"]
[PlyCount "57"]
[EventDate "2004.??.??"]

1. c4 g6 2. e4 d6 3. d4 Bg7 4. Nf3 Bg4 5. Be2 Nc6 6. Be3 Nf6 7. Nc3 O-O 8. h3
Bd7 9. d5 Nb8 10. Nd4 Qc8 11. f3 c5 12. Nc2 Nh5 13. Bg5 Bxc3+ 14. bxc3 Re8 15.
Bh4 e6 16. Ne3 e5 17. Ng4 Bxg4 18. hxg4 Nf4 19. g3 Ng2+ 20. Kf2 Nxh4 21. Rxh4
Nd7 22. Qh1 Nf8 23. g5 Qd8 24. Rg4 Rc8 25. Bd3 Qa5 26. Qc1 a6 27. a4 Qb6 28.
Rb1 Qa7 29. Qb2 1-0

[Event "Open de la Loire"]
[Site "Comite Loire Echecs"]
[Date "2004.10.16"]
[Round "2.7"]
[White "Brachet, Gerard"]
[Black "Desassis, Gregoire"]
[Result "0-1"]
[WhiteElo "1340"]
[BlackElo "1600"]
[PlyCount "58"]
[EventDate "2004.??.??"]

1. e4 e6 2. d4 d5 3. e5 c5 4. c4 dxc4 5. Bxc4 cxd4 6. Nf3 Nc6 7. Bb5 Qa5+ 8.
Nc3 dxc3 9. Bxc6+ bxc6 10. O-O cxb2 11. Bxb2 Ba6 12. Re1 Bb4 13. Re3 Rd8 14.
Qc2 Ne7 15. g3 Bc5 16. Rc3 Rd5 17. Rb3 O-O 18. Ng5 Ng6 19. Ne4 Rfd8 20. Bc3 Bd3
21. Bxa5 Bxc2 22. Nc3 Bxf2+ 23. Kxf2 Rxa5 24. Rb7 Nxe5 25. Ke2 g5 26. h3 Bd3+
27. Ke1 Rc5 28. Ne4 Nc4 29. Nf2 Re5+ 0-1

[Event "Open de la Loire"]
[Site "Comite Loire Echecs"]
[Date "2004.10.16"]
[Round "2.8"]
[White "Paratcha, Yohan"]
[Black "Borron, Herve"]
[Result "0-1"]
[WhiteElo "1310"]
[BlackElo "1590"]
[PlyCount "106"]
[EventDate "2004.??.??"]

1. e4 e6 2. d4 d5 3. exd5 exd5 4. Qe2+ Be7 5. Nc3 Nf6 6. Qb5+ c6 7. Qe2 O-O 8.
Nf3 Re8 9. Qd3 Ne4 10. Be2 Bf5 11. Qd1 Bb4 12. Bd2 Qe7 13. O-O Nd7 14. a3 Nxc3
15. bxc3 Qxe2 16. Qxe2 Rxe2 17. cxb4 Bxc2 18. Ra2 Bd3 19. Re1 Rae8 20. Rxe2
Rxe2 21. Ne1 Bc4 22. Rb2 Nf6 23. f3 Ne8 24. a4 Nc7 25. g4 Ne6 26. Ng2 Nxd4 27.
Bc3 Nxf3+ 28. Kh1 Rxb2 29. Bxb2 d4 30. h3 d3 31. Ne3 d2 32. Bc3 Bb3 33. Kg2
d1=Q 34. Nxd1 Bxd1 35. Kg3 Ng5 36. h4 Ne4+ 37. Kf4 Nxc3 38. g5 Bxa4 39. Kf5
Bc2+ 40. Ke5 Na2 41. Kd4 Nxb4 42. Kc4 a5 43. Kc3 b5 44. Kb2 a4 45. Ka3 c5 46.
Kb2 f6 47. Ka3 f5 48. Kb2 f4 49. Kc1 f3 50. Kd2 a3 51. Kc1 f2 52. Kd2 f1=Q 53.
Kc3 Qd3# 0-1

[Event "Open de la Loire"]
[Site "Comite Loire Echecs"]
[Date "2004.10.16"]
[Round "2.9"]
[White "Pareux, Marc"]
[Black "Veyrat, Gerard"]
[Result "1-0"]
[WhiteElo "1550"]
[BlackElo "1220"]
[PlyCount "55"]
[EventDate "2004.??.??"]

1. d4 d5 2. e4 dxe4 3. Nc3 Nc6 4. Be3 e6 5. Nxe4 Bb4+ 6. c3 Ba5 7. Qa4 Bd7 8.
Nc5 Nf6 9. Bb5 a6 10. Nxd7 axb5 11. Nxf6+ Qxf6 12. Qxb5 Rb8 13. Nf3 O-O 14. O-O
Bb6 15. Qh5 g6 16. Bg5 Qf5 17. Qh6 f6 18. Be3 e5 19. Rfe1 exd4 20. Bxd4 Bxd4
21. Nxd4 Nxd4 22. cxd4 Rf7 23. Re2 Qd3 24. Rae1 Qb5 25. Re7 Rbf8 26. d5 Qc5 27.
Rxf7 Kxf7 28. Qxh7# 1-0

[Event "Open de la Loire"]
[Site "Comite Loire Echecs"]
[Date "2004.10.16"]
[Round "2.10"]
[White "Rogues, Jean-Luc"]
[Black "Montroussier, Jacques"]
[Result "0-1"]
[WhiteElo "1600"]
[BlackElo "1510"]
[PlyCount "104"]
[EventDate "2004.??.??"]

1. e4 d5 2. e5 c5 3. Nf3 e6 4. d4 cxd4 5. Nxd4 Nc6 6. Nxc6 bxc6 7. Bf4 Qb6 8.
b3 Bc5 9. Qf3 Ne7 10. Bd3 Ba6 11. O-O Bxd3 12. Qxd3 O-O 13. Nc3 Qc7 14. Na4 Bb6
15. Nxb6 axb6 16. Bg3 c5 17. f4 Ra3 18. c4 d4 19. Rf2 Nf5 20. Rd2 Rfa8 21. Bf2
h6 22. g4 Ne7 23. Qe4 Qc6 24. Qe2 R8a7 25. Be1 Rxb3 26. axb3 Rxa1 27. Ra2 Rxa2
28. Qxa2 Ng6 29. Qd2 Qe4 30. Bg3 Qb1+ 31. Kf2 Qxb3 32. f5 Ne7 33. f6 gxf6 34.
exf6 Nc6 35. g5 Qe3+ 36. Qxe3 dxe3+ 37. Kxe3 hxg5 38. Bc7 Kh7 39. Bxb6 Kg6 40.
Bxc5 Kxf6 41. Ke4 e5 42. Bd6 Ke6 43. c5 f5+ 44. Ke3 Kd5 45. Kd3 e4+ 46. Ke3 f4+
47. Bxf4 gxf4+ 48. Kxf4 Kd4 49. Kg3 e3 50. Kg2 Kd3 51. Kf1 Kd2 52. h4 e2+ 0-1